000 00308nam a22001217a 4500
003 SGT
082 _a200
_bD97R
100 _aराय, विवेकी
245 _a दीक्षा
260 _bविश्वविद्यालय प्रकाशन
_c1997
300 _a32
942 _2ddc
_cBK
999 _c31798
_d31798